| Tag |
First Indicator |
Second Indicator |
Subfields |
| LEADER |
00000cgm a2200000 i 4500 |
| 001 |
in00005562221 |
| 006 |
m o c |
| 007 |
cr cna|||||||| |
| 007 |
vz czazuu |
| 008 |
140613s2007 cau090 vleng d |
| 005 |
20241201231411.0 |
| 035 |
|
|
|a (OCoLC)ocn881398066
|
| 040 |
|
|
|a CSJ
|b eng
|e rda
|c CSJ
|d ALSTP
|d OCLCO
|d OCLCF
|d OCLCQ
|d OCLCO
|d OCLCQ
|d OCLCL
|
| 035 |
|
|
|a (OCoLC)881398066
|
| 043 |
|
|
|a n-us-wv
|
| 082 |
0 |
4 |
|a 622.33409754
|q OCoLC
|2 22/eng/20230216
|
| 049 |
|
|
|a TXAM
|
| 245 |
0 |
0 |
|a Burning the future :
|b coal in America /
|c Fire Fly Pix presents in association with American Coal Productions ; produced by David Novack and Alexis Zoullas ; written by David Novack and Richard Hankin ; directed by David Novack.
|
| 246 |
3 |
0 |
|a Coal in America
|
| 264 |
|
1 |
|a San Francisco, CA :
|b The Video Project,
|c [2007]
|
| 300 |
|
|
|a 1 streaming video file (90 min.) :
|b digital, sound, color
|
| 336 |
|
|
|a two-dimensional moving image
|b tdi
|2 rdacontent
|
| 337 |
|
|
|a computer
|b c
|2 rdamedia
|
| 338 |
|
|
|a online resource
|b cr
|2 rdacarrier
|
| 500 |
|
|
|a Title from title frame (viewed June 11, 2014).
|
| 500 |
|
|
|a The film was originally produced in 2007. An updated, shorter version of 54 minutes was created in 2012 for the Public Broadcasting Service.
|
| 508 |
|
|
|a Writers, David Novack, Richard Hankin; original music, Raz Mesinai; cinematography, Sam Henriques, Scott Shelly, edited by Richard Hankin, A.C.E.
|
| 538 |
|
|
|a Mode of access: World Wide Web.
|
| 520 |
|
|
|a This video examines the explosive conflict between the coal industry and residents of West Virginia. Confronted by emerging "clean coal" energy policies, local activists watch a world blind to the devastation caused by coal's extraction. Faced with toxic ground water, the obliteration of 1.4 million acres of mountains, and a government that appeases industry, courageous residents demonstrate a strength of purpose and character in their improbable fight to arouse the nation's help in protecting their mountains, saving their families, and preserving their way of life.
|
| 650 |
|
0 |
|a Coal mines and mining
|x Environmental aspects
|z West Virginia.
|
| 650 |
|
0 |
|a Coal trade
|x Environmental aspects
|z West Virginia.
|
| 650 |
|
0 |
|a Water
|x Pollution
|z West Virginia.
|
| 650 |
|
0 |
|a Environmental degradation
|z West Virginia.
|
| 650 |
|
0 |
|a Mountaintop removal mining
|x Environmental aspects
|z West Virginia.
|
| 650 |
|
0 |
|a Habitat conservation
|z West Virginia.
|
| 650 |
|
0 |
|a Stream conservation
|z West Virginia.
|
| 651 |
|
0 |
|a West Virginia
|x Social life and customs.
|
| 650 |
|
6 |
|a Charbon
|x Mines et extraction
|x Aspect de l'environnement
|z Virginie-Occidentale.
|
| 650 |
|
6 |
|a Charbon
|x Industrie
|x Aspect de l'environnement
|z Virginie-Occidentale.
|
| 650 |
|
6 |
|a Environnement
|x Dégradation
|z Virginie-Occidentale.
|
| 650 |
|
6 |
|a Déplacement de sommet (Mines)
|x Aspect de l'environnement
|z Virginie-Occidentale.
|
| 650 |
|
6 |
|a Habitat (Écologie)
|x Conservation
|z Virginie-Occidentale.
|
| 650 |
|
6 |
|a Cours d'eau
|x Conservation
|z Virginie-Occidentale.
|
| 651 |
|
6 |
|a Virginie-Occidentale
|x Mœurs et coutumes.
|
| 650 |
|
7 |
|a Coal mines and mining
|x Environmental aspects.
|2 fast
|0 (OCoLC)fst00865384
|
| 650 |
|
7 |
|a Coal trade
|x Environmental aspects.
|2 fast
|0 (OCoLC)fst00865521
|
| 650 |
|
7 |
|a Environmental degradation.
|2 fast
|0 (OCoLC)fst00912877
|
| 650 |
|
7 |
|a Habitat conservation.
|2 fast
|0 (OCoLC)fst00950055
|
| 650 |
|
7 |
|a Manners and customs.
|2 fast
|0 (OCoLC)fst01007815
|
| 650 |
|
7 |
|a Stream conservation.
|2 fast
|0 (OCoLC)fst01134549
|
| 650 |
|
7 |
|a Water
|x Pollution.
|2 fast
|0 (OCoLC)fst01171279
|
| 651 |
|
7 |
|a West Virginia.
|2 fast
|0 (OCoLC)fst01205316
|1 https://id.oclc.org/worldcat/entity/E39PBJdmhWDy9XDmKvtbWKgBT3
|
| 655 |
|
2 |
|a Documentaries and Factual Films
|
| 655 |
|
7 |
|a Documentary films.
|2 fast
|0 (OCoLC)fst01710390
|
| 655 |
|
7 |
|a Feature films.
|2 fast
|0 (OCoLC)fst01710384
|
| 655 |
|
7 |
|a Documentary films.
|2 lcgft
|
| 655 |
|
7 |
|a Feature films.
|2 lcgft
|
| 655 |
|
7 |
|a Documentaires.
|2 rvmgf
|
| 700 |
1 |
|
|a Novack, David,
|e producer,
|e writer,
|e director.
|
| 700 |
1 |
|
|a Zoullas, Alexis,
|e producer.
|
| 700 |
1 |
|
|a Hankin, Richard,
|e writer.
|
| 710 |
2 |
|
|a American Coal Productions,
|e production company.
|
| 758 |
|
|
|i has work:
|a Burning the future (MovingImage)
|1 https://id.oclc.org/worldcat/entity/E39PCGHbpJxxrWkRPfmYxgX7jK
|4 https://id.oclc.org/worldcat/ontology/hasWork
|
| 856 |
4 |
0 |
|u http://proxy.library.tamu.edu/login?url=https://www.aspresolver.com/aspresolver.asp?MARC;3394025
|z Connect to this streaming video (Alexander Street Press)
|t 0
|
| 955 |
|
|
|a Alexander Street Press subscription streaming video
|
| 994 |
|
|
|a 92
|b TXA
|
| 999 |
f |
f |
|s 357159d2-ab00-44a8-b7ca-d0a5fafb0fa9
|i d39c7337-3444-4a70-a9e1-74fd001c40af
|t 0
|
| 952 |
f |
f |
|a Texas A&M University
|b College Station
|c Electronic Resources
|d Available Online
|t 0
|h Library of Congress classification
|
| 998 |
f |
f |
|t 0
|l Available Online
|